|
|
|
|
| LEADER |
00000nab a2200000 a 4500 |
| 001 |
vtls000650612 |
| 003 |
SK-MaSNL |
| 005 |
20260304083832.0 |
| 008 |
250425c1997 xo 0 slo |
| 015 |
|
|
|a SNBRA1998/01-00826
|
| 035 |
|
|
|a CLN000002806
|
| 035 |
|
|
|a urn:nbn:sk:snk-abhjf
|
| 035 |
|
|
|a (urnnbn)urn:nbn:sk:snk:ar-a03s2n
|
| 035 |
|
|
|a (uuid)4b4103a4-df48-42d6-94f6-820ca8c7b1a1
|
| 040 |
|
|
|a SNKBUCL
|b slo
|c SNKBUCL
|e AACR2
|
| 041 |
0 |
|
|a eng
|
| 044 |
|
|
|a xo
|c SK
|
| 080 |
|
|
|a 621.315.212:537.8
|2 1997
|
| 080 |
|
|
|a 537.8
|2 1997
|
| 100 |
1 |
|
|a Oravec, Július,
|d 1929-
|4 aut
|9 13482
|
| 245 |
1 |
0 |
|a Interactive shock waves in a coaxial cable with a homogeneous ferrite filler terminated by a short circuit
|c Július Oravec
|
| 300 |
|
|
|b Obr.
|
| 504 |
|
|
|a Res. angl. Bibliogr. odkazy Biogr. údaje
|
| 650 |
0 |
7 |
|a elektromagnetické vlny
|2 SNKPH
|9 50842
|
| 650 |
0 |
7 |
|a nárazové elektromagnetické vlny
|2 SNK
|9 1217630
|
| 650 |
0 |
7 |
|a feritové koaxiálne káble
|2 SNK
|9 1375263
|
| 655 |
|
7 |
|a články z novín a časopisov
|2 SNK
|9 267496
|
| 773 |
0 |
|
|t Journal of electrical engineering
|g Roč. 48, č. 9-10 (1997), s. 271-273
|x 0013-578X
|
| 850 |
|
|
|a Slovenská národná knižnica
|
| 852 |
|
|
|a Slovenská národná knižnica
|
| 958 |
|
|
|a article27
|
| 958 |
|
|
|a NB
|
| 958 |
|
|
|a OND
|
| 958 |
|
|
|a EUIPO
|
| 999 |
|
|
|c 2801436
|d 2803366
|